| 000 | 00686nam a22002057a 4500 | ||
|---|---|---|---|
| 999 |
_c13106 _d13106 |
||
| 003 | AR-CdUCM | ||
| 008 | 190411b ||||| |||| 00| 0 spa d | ||
| 040 |
_aMUNICIPALIDAD PROVINCIAL DEL CUSCO _cBIBLIOTECA MUNICIPAL DEL CUSCO |
||
| 082 |
_a869.56 / _bP78 |
||
| 100 |
_aPortugal, Enrique _931306 |
||
| 245 |
_aLos centauros : _bNovela / |
||
| 260 |
_aBuenos Aires, _bAraujo, _c1941. |
||
| 300 |
_a166 pƔginas ; _c18 cm. |
||
| 505 | _aContenido : Resignación -- Tierra adentro -- Un hogar cristiano -- Herrumbre en el alma -- Dolor de bronce ... | ||
| 650 |
_aNovela _9572 |
||
| 650 |
_aLiteratura _983 |
||
| 650 |
_aSiglo XX _98 |
||
| 942 |
_2ddc _cLIBROS |
||
| 945 |
_arah _d11/04/2019 |
||